| Tag |
First Indicator |
Second Indicator |
Subfields |
| LEADER |
00000pam a2200000 i 4500 |
| 001 |
in00000090818 |
| 005 |
20150923131224.0 |
| 008 |
780628s1979 cau b 00110 eng |
| 010 |
|
|
|a 78015611
|
| 020 |
|
|
|a 0874362660 :
|c $14.95
|
| 035 |
|
|
|a (OCoLC)04056394
|
| 035 |
|
|
|9 AAK6662AM
|
| 040 |
|
|
|a DLC
|c DLC
|d m.c.
|d TXA
|d UtOrBLW
|
| 049 |
|
|
|a TXAM
|c 1 [1496847], 2 [1503323]
|
| 050 |
0 |
0 |
|a Z5853 P83
|b H53
|
| 082 |
0 |
|
|a 016.3337
|
| 100 |
1 |
|
|a Higgins, Judith H.,
|d 1930-
|
| 245 |
1 |
0 |
|a Energy a multimedia guide for children and young adults /
|c Judith H. Higgins.
|
| 264 |
|
1 |
|a Santa Barbara, CA :
|b American Bibliographical Center--Clio Press,
|c [1979]
|
| 264 |
|
4 |
|c ©1979
|
| 300 |
|
|
|a xiii, 195 pages ;
|c 24 cm.
|
| 336 |
|
|
|a text
|b txt
|2 rdacontent
|
| 337 |
|
|
|a unmediated
|b n
|2 rdamedia
|
| 338 |
|
|
|a volume
|b nc
|2 rdacarrier
|
| 490 |
1 |
|
|a Selection guide series : #2
|
| 500 |
|
|
|a Includes indexes.
|
| 650 |
|
0 |
|a Power resources
|v Bibliography.
|
| 650 |
|
0 |
|a Power resources
|x Information services.
|
| 830 |
|
0 |
|a Selection guide series ;
|v 2.
|
| 999 |
|
|
|a MARS
|
| 999 |
f |
f |
|s 50df820b-1bd4-3364-bf80-b9ffe0e6213d
|i 3d10e0e6-87cb-3cb0-86dd-52e2ae58ba34
|t 0
|
| 952 |
f |
f |
|p ric
|a Texas A&M University
|b Rellis Campus
|c Joint Library Facility
|s JLF
|d Remote Storage
|t 0
|e Z5853 P83 H53
|h Library of Congress classification
|i unmediated -- volume
|m A14806273577
|
| 998 |
f |
f |
|a Z5853 P83 H53
|t 0
|l Remote Storage
|